| 000 | 00467nam a2200169Ia 4500 | ||
|---|---|---|---|
| 008 | 220216s9999 xx 000 0 und d | ||
| 100 | _aLesueur C | ||
| 245 | 0 | _aAnalysis of the difficultues of integrating smallholder rubber cultivation | |
| 260 |
_bENSAA, Dijon, France, 1992 _c1992 |
||
| 300 | _a86p | ||
| 500 | _aSource Year: 1995 | ||
| 650 | _aDevelopment Projects | ||
| 650 | _aHevea brasiliensis | ||
| 650 | _aSmall farms | ||
| 856 | _uATA | ||
| 942 | _cJS | ||
| 999 |
_c54253 _d54253 |
||